MSc programme - Wageningen Agricultural University

Guardat en:
Dades bibliogràfiques
Format: Llibre
Idioma:Undetermined
Publicat: The Netherland Wageningen Agricultural University 1993
Matèries:
Etiquetes: Afegir etiqueta
Sense etiquetes, Sigues el primer a etiquetar aquest registre!
Thư viện lưu trữ: Trung tâm Học liệu Trường Đại học Cần Thơ
LEADER 00479nam a2200157Ia 4500
001 CTU_30116
008 210402s9999 xx 000 0 und d
082 |a 630.715 
082 |b W131 
245 0 |a MSc programme - Wageningen Agricultural University 
260 |a The Netherland 
260 |b Wageningen Agricultural University 
260 |c 1993 
650 |a agriculture - study and teaching 
904 |i Liên, 990304 
980 |a Trung tâm Học liệu Trường Đại học Cần Thơ